[Event "POL-ch sf"]
[Site "Karpacz"]
[Date "2023.12.09"]
[Round "6"]
[White "Sieciechowicz, Marcin"]
[Black "Moranda, Wojciech"]
[Result "1/2-1/2"]
[WhiteElo "2391"]
[BlackElo "2564"]
[PlyCount "40"]
[EventDate "2023.12.04"]
[EventType "swiss"]
[EventRounds "9"]
[EventCountry "POL"]
[SourceTitle "CB50_2023"]
[SourceDate "2023.12.13"]
[SourceVersion "1"]
[SourceVersionDate "2023.12.13"]
[SourceQuality "1"]

1. d4 d5 2. c4 dxc4 3. e4 b5 4. a4 c6 5. axb5 cxb5 6. Nc3 Qb6 7. Nd5 Qb7 8. Bf4 e5 9. Bxe5 Nd7 10. Bf4 Ngf6 11. Nc7+ Kd8 12. Nxa8 Qxe4+ 13. Ne2 Qxa8 14. f3 Nd5 15. Bd2 Bd6 16. Kf2 Re8 17. g3 N7f6 18. Bg2 Bc7 19. Re1 a5 20. Qc2 a4 1/2-1/2

[Event "POL-ch sf"]
[Site "Karpacz"]
[Date "2023.12.08"]
[Round "5"]
[White "Moranda, Wojciech"]
[Black "Kosakowski, Jakub"]
[Result "1/2-1/2"]
[WhiteElo "2564"]
[BlackElo "2479"]
[PlyCount "37"]
[EventDate "2023.12.04"]
[EventType "swiss"]
[EventRounds "9"]
[EventCountry "POL"]
[SourceTitle "CB50_2023"]
[SourceDate "2023.12.13"]
[SourceVersion "1"]
[SourceVersionDate "2023.12.13"]
[SourceQuality "1"]

1. d4 Nf6 2. c4 e6 3. Nf3 d5 4. Nc3 Bb4 5. Qa4+ Nc6 6. Bd2 0-0 7. a3 Bxc3 8. Bxc3 Ne4 9. e3 e5 10. Rd1 Nxc3 11. bxc3 dxc4 12. Bxc4 e4 13. Nd2 Qg5 14. g3 Bh3 15. Nxe4 Qh6 16. Bf1 Rfe8 17. Bxh3 Qxh3 18. Nc5 Ne7 19. Nd3 1/2-1/2

[Event "POL Superleague Rapid Final"]
[Site "Bydgoszcz"]
[Date "2023.11.25"]
[Round "1.26"]
[White "Moranda, Wojciech"]
[Black "Bartel, Mateusz"]
[Result "1/2-1/2"]
[WhiteElo "2564"]
[BlackElo "2651"]
[PlyCount "96"]
[EventDate "2023.11.25"]
[EventType "team-k.o. (rapid)"]
[EventRounds "2"]
[EventCountry "POL"]
[SourceTitle "CB48_2023"]
[SourceDate "2023.11.29"]
[SourceVersion "1"]
[SourceVersionDate "2023.11.29"]
[SourceQuality "1"]
[WhiteTeam "Pegow Wieza"]
[BlackTeam "Wroclaw Polonia"]
[WhiteTeamCountry "POL"]
[BlackTeamCountry "POL"]

1. d4 Nf6 2. c4 c6 3. Nc3 d5 4. e3 g6 5. Nf3 Bg7 6. Be2 0-0 7. 0-0 Be6 8. b3 Ne4 9. Bb2 f5 10. Rc1 Nd7 11. cxd5 Nxc3 12. Bxc3 Bxd5 13. Qc2 a5 14. Rfd1 e6 15. Ne1 g5 16. f3 g4 17. Nd3 gxf3 18. Bxf3 Nf6 19. Nf4 Ne4 20. Bxe4 Bxe4 21. Qf2 Qe7 22. Qg3 Bd5 23. Nh5 Rf7 24. Rd2 Kh8 25. Nxg7 Rxg7 26. Qe5 h6 27. Re2 Kh7 28. Be1 Rag8 29. Rcc2 b6 30. Bg3 h5 31. Qf4 Rg4 32. Qc7 R8g7 33. Qxe7 Rxe7 34. Bd6 Ra7 35. Rb2 Be4 36. a3 Rg8 37. h4 Rd8 38. Be5 Rd5 39. Re1 Kg6 40. Rc1 Rd8 41. Kf2 Kf7 42. Ke1 Ke8 43. g3 Kd7 44. Rc3 Kc8 45. b4 axb4 46. Rxb4 Kb7 47. Kd2 Ra5 48. Kc1 Rda8 1/2-1/2

[Event "POL-chT Ekstraliga"]
[Site "Lublin"]
[Date "2023.09.25"]
[Round "8.2"]
[White "Fedorchuk, Sergey A"]
[Black "Moranda, Wojciech"]
[Result "0-1"]
[WhiteElo "2578"]
[BlackElo "2561"]
[PlyCount "132"]
[EventDate "2023.09.18"]
[EventType "team-tourn"]
[EventRounds "9"]
[EventCountry "POL"]
[SourceTitle "EXT 2024"]
[Source "ChessBase"]
[SourceDate "2023.10.10"]
[SourceVersion "1"]
[SourceVersionDate "2023.10.10"]
[SourceQuality "1"]
[WhiteTeam "Raciborz Silesia"]
[BlackTeam "Pegow Wieza"]
[WhiteTeamCountry "POL"]
[BlackTeamCountry "POL"]

1. e4 c5 2. Nf3 e6 3. d4 cxd4 4. Nxd4 a6 5. a3 Nf6 6. Nc3 d6 7. Be3 Be7 8. Qf3 Nbd7 9. Be2 Qc7 10. Qg3 0-0 11. h4 Kh8 12. h5 Nb6 13. h6 g6 14. f3 e5 15. Qf2 exd4 16. Bxd4 Bd8 17. 0-0-0 Kg8 18. g4 Be6 19. g5 Nfd7 20. f4 Rc8 21. Kb1 f6 22. gxf6 Bxf6 23. f5 Bf7 24. fxg6 Bxg6 25. Bg4 Rce8 26. Bxd7 Nxd7 27. Nd5 Qd8 28. Nxf6+ Nxf6 29. Rdg1 Ng4 30. Qe2 Ne5 31. Rh5 Re6 32. Rf5 Kh8 33. Qg4 Re7 34. Rg5 Qc8 35. Qh4 Re6 36. Bc3 Kg8 37. Qh5 Qe8 38. Rf5 Rff6 39. Qg5 Nf3 40. Qg4 Ne5 41. Qg3 Qf7 42. Qh3 Kh8 43. Rfg5 Rf3 44. Qg2 Ref6 45. Rc1 Rf1 46. b3 Kg8 47. Qh3 Rxc1+ 48. Kxc1 Qe6 49. Qe3 Kf7 50. Kb2 Rf3 51. Qb6 Qe7 52. Rg2 Ke8 53. Rd2 Nc6 54. Rg2 Rf4 55. Qg1 Bxe4 56. Rg8+ Rf8 57. Rg7 Rf7 58. Rg8+ Kd7 59. Qb6 Ke6 60. Qg1 Bf5 61. Qe3+ Ne5 62. Bxe5 dxe5 63. Qc3 Qc7 64. Qd2 Qd6 65. Qg2 Qd4+ 66. Ka2 Qe4 0-1

[Event "POL-chT Ekstraliga"]
[Site "Lublin"]
[Date "2023.09.21"]
[Round "4.4"]
[White "Dardha, Daniel"]
[Black "Moranda, Wojciech"]
[Result "1/2-1/2"]
[WhiteElo "2586"]
[BlackElo "2561"]
[PlyCount "33"]
[EventDate "2023.09.18"]
[EventType "team-tourn"]
[EventRounds "9"]
[EventCountry "POL"]
[SourceTitle "EXT 2024"]
[Source "ChessBase"]
[SourceDate "2023.10.10"]
[SourceVersion "1"]
[SourceVersionDate "2023.10.10"]
[SourceQuality "1"]
[WhiteTeam "Plock Hetman"]
[BlackTeam "Pegow Wieza"]
[WhiteTeamCountry "POL"]
[BlackTeamCountry "POL"]

1. Nf3 Nf6 2. g3 d5 3. Bg2 e6 4. 0-0 c5 5. d3 Nc6 6. Nbd2 Be7 7. e4 0-0 8. Re1 b5 9. e5 Nd7 10. Nf1 a5 11. h4 Bb7 12. N1h2 a4 13. a3 Qb6 14. h5 h6 15. Ng4 Rfb8 16. Bf4 Qd8 17. Qd2 1/2-1/2

[Event "Wroclaw Anderssen Memorial op-A"]
[Site "Wroclaw"]
[Date "2023.08.06"]
[Round "1"]
[White "Zheng, Harry Z"]
[Black "Moranda, Wojciech"]
[Result "0-1"]
[WhiteElo "2068"]
[BlackElo "2576"]
[PlyCount "92"]
[EventDate "2023.08.06"]
[EventType "swiss"]
[EventRounds "9"]
[EventCountry "POL"]
[SourceTitle "CBM 215 Extra"]
[Source "ChessBase"]
[SourceDate "2023.09.30"]
[SourceVersion "1"]
[SourceVersionDate "2023.09.30"]
[SourceQuality "1"]

1. e4 c5 2. Nf3 d6 3. d4 cxd4 4. Nxd4 Nf6 5. Nc3 a6 6. Be3 e6 7. Be2 Be7 8. a4 Nc6 9. 0-0 0-0 10. f4 Qc7 11. Qd2 Nxd4 12. Bxd4 e5 13. Be3 exf4 14. Bxf4 Be6 15. Kh1 Rac8 16. Bd3 Nd7 17. Nd5 Bxd5 18. exd5 g6 19. Bh6 Rfe8 20. c3 Ne5 21. Bc2 Bf8 22. Bxf8 Rxf8 23. Qg5 Qd8 24. Qh6 Rc4 25. g3 Qb6 26. Rab1 Re8 27. Qd2 Rc7 28. b3 Qc5 29. c4 b5 30. axb5 axb5 31. Bd3 bxc4 32. Bxc4 Nxc4 33. bxc4 Qxc4 34. Rf4 Qe2 35. Rb2 Qh5 36. Kg2 Rc5 37. Rd4 Qe5 38. Qf4 Rxd5 39. Qxe5 Rexe5 40. Ra4 Re7 41. Rb8+ Kg7 42. h4 Rd3 43. Rf4 Re2+ 44. Kh3 f5 45. Rfb4 Rdd2 46. R4b7+ Kh6 0-1

[Event "POL Superleague Rapid"]
[Site "Poland"]
[Date "2023.05.09"]
[Round "5.2"]
[White "Teclaf, Pawel"]
[Black "Moranda, Wojciech"]
[Result "1-0"]
[WhiteElo "2575"]
[BlackElo "2589"]
[PlyCount "89"]
[EventDate "2023.04.04"]
[EventType "team-tourn (rapid)"]
[EventRounds "14"]
[EventCountry "POL"]
[SourceTitle "EXT 2024"]
[Source "ChessBase"]
[SourceDate "2023.10.10"]
[SourceVersion "1"]
[SourceVersionDate "2023.10.10"]
[SourceQuality "1"]
[WhiteTeam "Gliwice Akademia Szachowa"]
[BlackTeam "Pegow Wieza"]
[WhiteTeamCountry "POL"]
[BlackTeamCountry "POL"]

1. g3 d5 2. Nf3 Nf6 3. Bg2 e6 4. 0-0 c5 5. c4 d4 6. e3 Nc6 7. exd4 cxd4 8. d3 Be7 9. Re1 Nd7 10. Na3 e5 11. Nc2 a5 12. Bh3 0-0 13. Bxd7 Bxd7 14. Nxe5 Nxe5 15. Rxe5 Bf6 16. Re1 b5 17. b3 bxc4 18. bxc4 Ba4 19. Ba3 Re8 20. Qd2 Qd7 21. Rxe8+ Rxe8 22. Re1 Rxe1+ 23. Nxe1 Qf5 24. Qf4 Qxf4 25. gxf4 Bd1 26. Bd6 h5 27. Kg2 Kh7 28. Be5 Bxe5 29. fxe5 Kg6 30. Nf3 Bxf3+ 31. Kxf3 Kf5 32. Kg3 g5 33. h4 g4 34. e6 fxe6 35. f3 gxf3 36. Kxf3 Ke5 37. a3 a4 38. Ke2 Kf5 39. Kf3 Ke5 40. Kg3 Kf5 41. c5 Ke5 42. c6 Kd6 43. Kf4 Kxc6 44. Ke5 Kc5 45. Kxe6 1-0

[Event "POL-ch 80th"]
[Site "Warsaw"]
[Date "2023.04.13"]
[Round "1.1"]
[White "Moranda, Wojciech"]
[Black "Gumularz, Szymon"]
[Result "1/2-1/2"]
[WhiteElo "2589"]
[BlackElo "2580"]
[PlyCount "61"]
[EventDate "2023.04.12"]
[EventType "k.o."]
[EventRounds "4"]
[EventCountry "POL"]
[SourceTitle "CBM 213 Extra"]
[Source "ChessBase"]
[SourceDate "2023.05.31"]
[SourceVersion "1"]
[SourceVersionDate "2023.05.31"]
[SourceQuality "1"]

1. d4 d5 2. c4 c6 3. Nc3 Nf6 4. e3 e6 5. Nf3 a6 6. b3 Bb4 7. Bd2 Nbd7 8. Bd3 0-0 9. 0-0 Bd6 10. Qc2 e5 11. cxd5 cxd5 12. e4 dxe4 13. Nxe4 Nxe4 14. Bxe4 h6 15. dxe5 Nxe5 16. Nxe5 Bxe5 17. Rad1 Qh4 18. g3 Qf6 19. Be3 Bg4 20. Rd5 Rac8 21. Rc5 Bd4 22. Rxc8 Rxc8 23. Qd3 Bxe3 24. Qxe3 Re8 25. Qd3 Qe5 26. Bf3 Bh3 27. Bg2 Bxg2 28. Kxg2 Qe2 29. Qd7 Qe4+ 30. Kg1 Re7 31. Qd8+ 1/2-1/2

[Event "POL Superleague Rapid"]
[Site "Poland"]
[Date "2023.04.04"]
[Round "3.9"]
[White "Moranda, Wojciech"]
[Black "Shevchenko, Kirill"]
[Result "1/2-1/2"]
[WhiteElo "2589"]
[BlackElo "2684"]
[PlyCount "93"]
[EventDate "2023.04.04"]
[EventType "team-tourn (rapid)"]
[EventRounds "14"]
[EventCountry "POL"]
[SourceTitle "CBM 213 Extra"]
[Source "ChessBase"]
[SourceDate "2023.05.31"]
[SourceVersion "1"]
[SourceVersionDate "2023.05.31"]
[SourceQuality "1"]
[WhiteTeam "Pegow Wieza"]
[BlackTeam "Katowice Wasko"]
[WhiteTeamCountry "POL"]
[BlackTeamCountry "POL"]

1. e4 e5 2. Nf3 Nc6 3. Bb5 a6 4. Ba4 Nf6 5. 0-0 Bc5 6. c3 b5 7. Bb3 d6 8. a4 Bg4 9. h3 Bh5 10. axb5 axb5 11. Rxa8 Qxa8 12. d3 0-0 13. Bg5 Nd8 14. Bxf6 gxf6 15. d4 exd4 16. cxd4 Bxf3 17. gxf3 Ba7 18. Nc3 Ne6 19. Bxe6 fxe6 20. Nxb5 Bb6 21. Qb3 Qe8 22. Kh2 Kh8 23. Rg1 Qd7 24. Qd3 c6 25. Nc3 d5 26. Ne2 Bc7+ 27. Kh1 e5 28. Rg4 f5 29. exf5 Qxf5 30. Qxf5 Rxf5 31. Kg2 Rf6 32. Rg5 Rg6 33. Rxg6 hxg6 34. dxe5 Bxe5 35. b3 Kg7 36. f4 Bb2 37. Kf3 Kf6 38. Ke3 c5 39. h4 Kf5 40. Kf3 c4 41. bxc4 dxc4 42. Ng3+ Ke6 43. Ke4 Bf6 44. f5+ gxf5+ 45. Nxf5 c3 46. Ne3 Bxh4 47. Kd3 1/2-1/2

[Event "POL-chT Ekstraliga"]
[Site "Bydgoszcz"]
[Date "2022.09.11"]
[Round "9.4"]
[White "Moranda, Wojciech"]
[Black "Krasenkow, Michal"]
[Result "0-1"]
[WhiteElo "2609"]
[BlackElo "2545"]
[PlyCount "84"]
[EventDate "2022.09.03"]
[EventType "team-tourn"]
[EventRounds "9"]
[EventCountry "POL"]
[SourceTitle "CBM 210 Extra"]
[Source "ChessBase"]
[SourceDate "2022.11.30"]
[SourceVersion "1"]
[SourceVersionDate "2022.11.30"]
[SourceQuality "1"]
[WhiteTeam "Pegow Wieza"]
[BlackTeam "Gorzow Wielkopolski Stilon"]
[WhiteTeamCountry "POL"]
[BlackTeamCountry "POL"]

1. e4 c5 2. Nf3 Nc6 3. d4 cxd4 4. Nxd4 Nf6 5. Nc3 e5 6. Ndb5 d6 7. Nd5 Nxd5 8. exd5 Nb8 9. a4 Be7 10. Bd2 0-0 11. Be2 Bd7 12. a5 Bxb5 13. Bxb5 a6 14. Be2 Nd7 15. 0-0 f5 16. Kh1 Bg5 17. Be1 e4 18. f4 exf3 19. Bxf3 Bf6 20. c3 Be5 21. Bf2 Rc8 22. Qc2 g5 23. g4 h5 24. gxf5 g4 25. Bd1 Qg5 26. Bg1 Rc4 27. Be2 Rf4 28. Rxf4 Bxf4 29. Rf1 Nf6 30. Bd3 Re8 31. Bd4 Be3 32. Bxf6 Qxf6 33. Qa4 Re7 34. Be4 Qe5 35. Bg2 Bg5 36. Qc4 Bf6 37. Qd3 h4 38. Rg1 Kf8 39. Bf1 Qf4 40. Be2 Be5 41. Rg2 h3 42. Rg3 Qf2 0-1

[Event "POL-chT Ekstraliga"]
[Site "Bydgoszcz"]
[Date "2022.09.09"]
[Round "7.5"]
[White "Moranda, Wojciech"]
[Black "Leniart, Arkadiusz"]
[Result "0-1"]
[WhiteElo "2609"]
[BlackElo "2479"]
[PlyCount "116"]
[EventDate "2022.09.03"]
[EventType "team-tourn"]
[EventRounds "9"]
[EventCountry "POL"]
[SourceTitle "CBM 210 Extra"]
[Source "ChessBase"]
[SourceDate "2022.11.30"]
[SourceVersion "1"]
[SourceVersionDate "2022.11.30"]
[SourceQuality "1"]
[WhiteTeam "Pegow Wieza"]
[BlackTeam "Krakow Dwie Wieze"]
[WhiteTeamCountry "POL"]
[BlackTeamCountry "POL"]

1. e4 e5 2. Nf3 Nc6 3. Bb5 Nf6 4. 0-0 Nxe4 5. Re1 Nd6 6. Nxe5 Be7 7. Bf1 Nxe5 8. Rxe5 0-0 9. d4 Bf6 10. Re2 b6 11. Re1 Re8 12. Bf4 Rxe1 13. Qxe1 Ne8 14. Nc3 Bb7 15. Qd2 d5 16. Re1 Nd6 17. Bxd6 Qxd6 18. Nb5 Qd7 19. Qf4 c5 20. dxc5 bxc5 21. Nd6 Bc6 22. c3 Qc7 23. c4 Rd8 24. cxd5 Bxd5 25. Qg3 Bxb2 26. Bc4 Bxc4 27. Nxc4 Qxg3 28. hxg3 Bf6 29. Rb1 g6 30. Kf1 Rd4 31. Rc1 Kf8 32. Ke2 Ke7 33. Rc2 Ke6 34. f3 Kd5 35. Ne3+ Kc6 36. g4 Rb4 37. Nc4 Bd4 38. Rc1 Rb8 39. Rh1 Rh8 40. Kd3 h6 41. Re1 Rd8 42. Kc2 Bf6 43. Ne5+ Kd5 44. f4 Bxe5 45. Rxe5+ Kd6 46. Re3 Rd7 47. Ra3 Re7 48. Kd3 Kd5 49. Ra6 c4+ 50. Kd2 Rc7 51. f5 g5 52. Rxh6 Ke5 53. Rh3 Kf4 54. Kc3 Kxg4 55. f6 Kf5 56. Rf3+ Kg6 57. g4 Rc6 58. Rf5 Ra6 0-1

[Event "POL-chT Ekstraliga"]
[Site "Bydgoszcz"]
[Date "2022.09.07"]
[Round "5.5"]
[White "Kuzmicz, Krystian"]
[Black "Moranda, Wojciech"]
[Result "1/2-1/2"]
[WhiteElo "2469"]
[BlackElo "2609"]
[PlyCount "76"]
[EventDate "2022.09.03"]
[EventType "team-tourn"]
[EventRounds "9"]
[EventCountry "POL"]
[SourceTitle "CBM 210 Extra"]
[Source "ChessBase"]
[SourceDate "2022.11.30"]
[SourceVersion "1"]
[SourceVersionDate "2022.11.30"]
[SourceQuality "1"]
[WhiteTeam "Wisznia Mala Bialy Krol"]
[BlackTeam "Pegow Wieza"]
[WhiteTeamCountry "POL"]
[BlackTeamCountry "POL"]

1. Nf3 d5 2. e3 Nf6 3. c4 e6 4. Nc3 Be7 5. b3 0-0 6. Bb2 dxc4 7. Bxc4 a6 8. a4 b6 9. 0-0 Bb7 10. Ne2 Nbd7 11. Ng3 c5 12. Qb1 h6 13. Rd1 Qc7 14. Qa2 b5 15. Be2 Bd5 16. d3 Rfd8 17. e4 Bc6 18. Bc3 Qb7 19. Qc2 Ne8 20. Rab1 Rdc8 21. Nh5 Bf8 22. h4 Qc7 23. Rdc1 Rab8 24. Bd2 g6 25. Ng3 Nef6 26. axb5 Bxb5 27. Bc3 Bd6 28. Nf1 Ne5 29. N3d2 Neg4 30. g3 Be5 31. Bxg4 Nxg4 32. Nf3 Bxc3 33. Qxc3 Qd8 34. Rd1 Rb6 35. Rd2 Rd6 36. Rbd1 f6 37. N1h2 Nxh2 38. Nxh2 e5 1/2-1/2

[Event "Olympiad-44"]
[Site "Chennai"]
[Date "2022.08.07"]
[Round "9.3"]
[White "Moranda, Wojciech"]
[Black "Bilguun, Sumiya"]
[Result "1/2-1/2"]
[WhiteElo "2636"]
[BlackElo "2463"]
[PlyCount "72"]
[EventDate "2022.07.29"]
[EventType "team-swiss"]
[EventRounds "11"]
[EventCountry "IND"]
[SourceTitle "CBM 210"]
[Source "ChessBase"]
[SourceDate "2022.10.31"]
[SourceVersion "1"]
[SourceVersionDate "2022.10.31"]
[SourceQuality "1"]
[WhiteTeam "Poland"]
[BlackTeam "Mongolia"]
[WhiteTeamCountry "POL"]
[BlackTeamCountry "MGL"]

1. e4 c5 2. Nf3 d6 3. d4 cxd4 4. Nxd4 Nf6 5. Nc3 a6 6. Bd3 g6 7. f3 Bg7 8. Be3 h5 9. Qd2 Nbd7 10. 0-0 h4 11. a4 Ne5 12. Be2 Bd7 13. Nd5 Rc8 14. b3 e6 15. Nxf6+ Bxf6 16. f4 Nc6 17. Rad1 Qa5 18. Nf3 Qxd2 19. Rxd2 Nb4 20. Bd1 d5 21. exd5 Nxd5 22. Bd4 Bxd4+ 23. Nxd4 b5 24. a5 Ne3 25. Re1 Nxd1 26. Rexd1 b4 27. Ne2 Bc6 28. Rd4 Bb5 29. R1d2 Rh5 30. Rxb4 Bxe2 31. Rxe2 Rxa5 32. f5 Rxf5 33. Rxh4 Rc3 34. Rh8+ Ke7 35. Ra8 Rfc5 36. Ra7+ Rc7 1/2-1/2

[Event "Olympiad-44"]
[Site "Chennai"]
[Date "2022.08.06"]
[Round "8.3"]
[White "Draskovic, Luka"]
[Black "Moranda, Wojciech"]
[Result "1/2-1/2"]
[WhiteElo "2503"]
[BlackElo "2636"]
[PlyCount "66"]
[EventDate "2022.07.29"]
[EventType "team-swiss"]
[EventRounds "11"]
[EventCountry "IND"]
[SourceTitle "CBM 210"]
[Source "ChessBase"]
[SourceDate "2022.10.31"]
[SourceVersion "1"]
[SourceVersionDate "2022.10.31"]
[SourceQuality "1"]
[WhiteTeam "Montenegro"]
[BlackTeam "Poland"]
[WhiteTeamCountry "MNE"]
[BlackTeamCountry "POL"]

1. Nf3 d5 2. g3 Nd7 3. d4 Nb6 4. Bg2 Bf5 5. 0-0 e6 6. Nc3 Be7 7. Re1 Nf6 8. Nh4 0-0 9. Nxf5 exf5 10. Qd3 g6 11. Bg5 c6 12. f3 Re8 13. e4 fxe4 14. fxe4 dxe4 15. Nxe4 Nxe4 16. Bxe7 Rxe7 17. Rxe4 Rxe4 18. Qxe4 Qf8 19. c3 Re8 20. Qd3 Qe7 21. Bf3 Qg5 22. Rf1 Re3 23. Qc2 Nc4 24. b3 Nd6 25. Qc1 h6 26. Kf2 Nf5 27. Re1 Rd3 28. Qxg5 hxg5 29. g4 Nh4 30. Re3 Rd2+ 31. Re2 Rd3 32. Re3 Rd2+ 33. Re2 Rd3 1/2-1/2

[Event "POL-ch Lotto 79th"]
[Site "Kruszwica"]
[Date "2022.05.13"]
[Round "3.1"]
[White "Wojtaszek, Radoslaw"]
[Black "Moranda, Wojciech"]
[Result "1/2-1/2"]
[WhiteElo "2696"]
[BlackElo "2630"]
[PlyCount "63"]
[EventDate "2022.05.09"]
[EventType "k.o."]
[EventRounds "4"]
[EventCountry "POL"]
[SourceTitle "CBM 208 Extra"]
[Source "ChessBase"]
[SourceDate "2022.07.31"]
[SourceVersion "1"]
[SourceVersionDate "2022.07.31"]
[SourceQuality "1"]

1. d4 Nf6 2. c4 e6 3. Nf3 d5 4. Nc3 c5 5. cxd5 cxd4 6. Qxd4 exd5 7. Bg5 Be7 8. e3 0-0 9. Be2 Nc6 10. Qd3 h6 11. Bh4 Qb6 12. 0-0 Rd8 13. Rfd1 Be6 14. h3 a6 15. a3 Rac8 16. b4 Qa7 17. Rac1 b5 18. Bf1 Qb6 19. Ne2 g5 20. Bg3 Ne4 21. Bh2 a5 22. Ned4 Nxd4 23. Nxd4 axb4 24. axb4 Rc4 25. f3 Nf6 26. Qb1 Rxb4 27. Qc2 Rc4 28. Bxc4 dxc4 29. Kh1 b4 30. Be5 c3 31. Nxe6 Rxd1+ 32. Rxd1 1/2-1/2

[Event "EU-chT 23rd"]
[Site "Terme Catez"]
[Date "2021.11.18"]
[Round "6.4"]
[White "Moranda, Wojciech"]
[Black "Plat, Vojtech"]
[Result "1-0"]
[WhiteElo "2623"]
[BlackElo "2548"]
[PlyCount "95"]
[EventDate "2021.11.12"]
[EventType "team-swiss"]
[EventRounds "9"]
[EventCountry "SLO"]
[SourceTitle "CBM 205"]
[Source "ChessBase"]
[SourceDate "2021.12.31"]
[SourceVersion "1"]
[SourceVersionDate "2021.12.31"]
[SourceQuality "1"]
[WhiteTeam "Poland"]
[BlackTeam "Czech Republic"]
[WhiteTeamCountry "POL"]
[BlackTeamCountry "CZE"]

1. e4 c5 2. Nf3 Nc6 3. d4 cxd4 4. Nxd4 g6 5. Nc3 Bg7 6. Be3 Nf6 7. Nxc6 bxc6 8. e5 Nd5 9. Nxd5 cxd5 10. Qxd5 Rb8 11. 0-0-0 Bb7 12. Qd2 Bxe5 13. Bxa7 Ra8 14. Qe3 Qc7 15. Bb6 Qb8 16. Kb1 Bf4 17. Qb3 0-0 18. Be3 Bxe3 19. Qxe3 Qc7 20. a3 e5 21. c4 Rfb8 22. h4 Bc6 23. Rd2 Qb7 24. f3 h5 25. Be2 Ra6 26. Rc1 e4 27. f4 Rb6 28. b4 d5 29. Rb2 dxc4 30. Bxc4 Bd7 31. Bb3 Ra6 32. Rc5 Qa7 33. Rc3 Qxe3 34. Rxe3 Rd6 35. Rc2 Kf8 36. Rc7 f5 37. Kc2 Ke8 38. Rc5 Ra8 39. b5 Kd8 40. a4 Be6 41. Bxe6 Rxe6 42. Rd5+ Ke7 43. Kb3 Rc8 44. a5 Rc1 45. a6 Rb6 46. Kb2 Rc7 47. Rc3 Ra7 48. Ka3 1-0

[Event "POL-chT Ekstraliga"]
[Site "Legnica"]
[Date "2021.10.10"]
[Round "9.3"]
[White "Mis, Mieszko"]
[Black "Moranda, Wojciech"]
[Result "1/2-1/2"]
[WhiteElo "2347"]
[BlackElo "2622"]
[PlyCount "73"]
[EventDate "2021.10.02"]
[EventType "team-tourn"]
[EventRounds "9"]
[EventCountry "POL"]
[SourceTitle "CBM 204 Extra"]
[Source "ChessBase"]
[SourceDate "2021.11.30"]
[SourceVersion "1"]
[SourceVersionDate "2021.11.30"]
[SourceQuality "1"]
[WhiteTeam "Czarna"]
[BlackTeam "Pegow Wieza"]
[WhiteTeamCountry "POL"]
[BlackTeamCountry "POL"]

1. d4 Nf6 2. c4 e6 3. Nc3 Bb4 4. Qc2 d5 5. a3 Bxc3+ 6. Qxc3 Ne4 7. Qd3 b6 8. e3 Nd7 9. Nf3 Bb7 10. cxd5 exd5 11. Be2 0-0 12. 0-0 a5 13. Qc2 c5 14. dxc5 bxc5 15. Nd2 Nd6 16. b3 Re8 17. Nf3 Rc8 18. Bb2 Nf8 19. Rad1 Ne6 20. Be5 d4 21. exd4 cxd4 22. Qb2 Nf5 23. Rfe1 Be4 24. Rd2 Bxf3 25. Bxf3 Ng5 26. Bg4 Rc5 27. f4 Nh6 28. Be2 Ne4 29. Rxd4 Qb6 30. Bf3 Rcxe5 31. fxe5 Nf5 32. Bxe4 Nxd4 33. Qf2 Qc5 34. Bd3 Nxb3 35. Qxc5 Nxc5 36. Bc4 g6 37. Re3 1/2-1/2